Guess the 1970s song lyrics #295 - Statistics

General Stats
  • This quiz has been taken 16 times
  • The average score is 249 of 397
Answer Stats
Answer % Correct
a
100%
T
100%
the
100%
you
100%
all
93%
All
93%
he
93%
I
93%
is
93%
go
87%
we
87%
We
87%
And
80%
and
80%
are
80%
do
80%
my
80%
Oh
80%
on
80%
there
80%
There
80%
you're
80%
dude
73%
dudes
73%
ha
73%
Ha
73%
in
73%
I've
73%
like
73%
love
73%
this
73%
to
73%
when
73%
When
73%
Where
73%
young
73%
at
67%
can
67%
for
67%
I'm
67%
it
67%
it's
67%
man
67%
news
67%
Now
67%
of
67%
want
67%
But
60%
Carry
60%
from
60%
got
60%
Got
60%
head
60%
hear
60%
him
60%
see
60%
that
60%
Well
60%
we're
60%
What
60%
with
60%
With
60%
don't
53%
Hey
53%
his
53%
How
53%
too
53%
was
53%
yeah
53%
about
47%
back
47%
cause
47%
Cause
47%
down
47%
looks
47%
never
47%
night
47%
right
47%
some
47%
up
47%
wanted
47%
yes
47%
around
40%
feel
40%
he'd
40%
here
40%
Here
40%
home
40%
little
40%
need
40%
off
40%
Or
40%
stay
40%
many
33%
mean
33%
saying
33%
sweet
33%
talk
33%
25
27%
alive
27%
bed
27%
cat
27%
crazy
27%
delinquent
27%
drunk
27%
face
27%
feeling
27%
friends
27%
jive
27%
juvenile
27%
lot
27%
real
27%
Beatles
20%
Billy
20%
boat
20%
Boogalo
20%
Boogaloo
20%
brother
20%
brother's
20%
clothes
20%
c'mon
20%
concrete
20%
dad
20%
dresses
20%
fine
20%
Freddy's
20%
Funky
20%
guessed
20%
kick
20%
kicked
20%
Let's
20%
Lucy
20%
Marks
20%
queen
20%
race
20%
rapped
20%
revolution
20%
Rex
20%
ripping
20%
snags
20%
Sparks
20%
Speed
20%
spots
20%
stars
20%
stealing
20%
Stones
20%
stuff
20%
suicide
20%
team
20%
Television
20%
tv
20%
Wendy's
20%
wine
20%
wrecks
20%
years
20%
bring
13%
Bring
13%
glasses
13%
How'd
13%
mule
13%
Stand
13%
front
7%
relate
7%
drag
0%
No matching quizzes found
Score Distribution
Percent of People with Each Score
Percentile by Number Answered
Your Score History
You have not taken this quiz